[Event "RC-2020-0-00247"]
[Site "LSS email"]
[Date "2020.10.08"]
[Round "?"]
[White "Korchut, Adam"]
[Black "Gulbis, Harijs"]
[Result "0-1"]
[WhiteElo "1753"]
[BlackElo "1678"]
[PlyCount "134"]
[EventDate "2020.07.09"]
[EventType "tourn (corr)"]
[EventRounds "6"]
[EventCountry "GER"]
[SourceTitle "Corr 2022"]
[Source "ChessBase"]
[SourceDate "2021.10.24"]
[SourceVersion "1"]
[SourceVersionDate "2021.10.24"]
[SourceQuality "1"]

1. e4 e5 2. Nf3 Nf6 3. d4 exd4 4. e5 Ne4 5. Qxd4 d5 6. exd6 Nxd6 7. Bd3 Nc6 8. Qf4 g6 9. 0-0 Bg7 10. Re1+ Be6 11. Ng5 0-0 12. Nxe6 fxe6 13. Qg4 Qf6 14. Qe2 Ne5 15. Nc3 Qh4 16. f3 Nxd3 17. cxd3 Nf5 18. Nd1 Nd4 19. Qe4 Qh5 20. Rf1 Rad8 21. Rb1 b6 22. Nc3 Qf5 23. Bd2 c5 24. Rf2 Nc2 25. Bg5 Bd4 26. Bxd8 Rxd8 27. g4 Bxf2+ 28. Kxf2 Qxe4 29. dxe4 Rd2+ 30. Kg3 Nd4 31. h4 e5 32. g5 Kf7 33. Nd5 b5 34. f4 Rd3+ 35. Kg2 exf4 36. Nxf4 Re3 37. Rf1 Rxe4 38. Nd3+ Nf5 39. Nxc5 Rc4 40. Nd3 Rxh4 41. Ne5+ Ke6 42. Re1 Kd6 43. b3 Nd4 44. Kg3 Rh5 45. Nf7+ Kc5 46. Re5+ Kb4 47. Re4 Kc3 48. Kg2 a6 49. Rf4 Nf5 50. Kg1 Kb2 51. Rf2+ Ka3 52. Kg2 Ne3+ 53. Kg3 Nd5 54. Kg4 Rh1 55. Nd8 Rg1+ 56. Kh4 Ra1 57. Rd2 Rh1+ 58. Kg4 Rg1+ 59. Kh4 Ne3 60. Rf2 Nf5+ 61. Kh3 Rxg5 62. Ne6 Rh5+ 63. Kg4 Ne3+ 64. Kf3 Nd1 65. Rc2 b4 66. Nd4 Rh3+ 67. Ke4 Nc3+ 0-1

[Event "SC-2020-0-00396"]
[Site "LSS email"]
[Date "2020.10.07"]
[Round "?"]
[White "Langheld, Werner"]
[Black "Gulbis, Harijs"]
[Result "1/2-1/2"]
[WhiteElo "1720"]
[BlackElo "1678"]
[PlyCount "35"]
[EventDate "2020.08.04"]
[EventType "tourn (corr)"]
[EventRounds "6"]
[EventCountry "GER"]
[SourceTitle "Corr 2024"]
[Source "ChessBase"]
[SourceDate "2023.10.19"]
[SourceVersion "1"]
[SourceVersionDate "2023.10.19"]
[SourceQuality "1"]

1. e4 d5 2. d4 dxe4 3. Nc3 Nf6 4. f3 exf3 5. Nxf3 g6 6. Bc4 Bg7 7. 0-0 0-0 8. Qe1 Bf5 9. Qh4 Bxc2 10. Bh6 Bf5 11. h3 Qd6 12. Rad1 Nc6 13. b3 Qb4 14. Bd2 Qd6 15. Bf4 Qb4 16. Bd2 Qd6 17. Bf4 Qb4 18. Bd2 1/2-1/2